000
00258 a2200097 4500
001
30691
100
_a
Brounjoh, J M
245
_a
The silent Past: Mysteries and forgotten cultures of the world
260
_a
London
_b
Johathean Cape
_c
090
_c
20625
_d
20625
942
_a
NUST-CAE
_c
M
_c
11809
999
_c
265764
_d
265764